Economic Change,Governance and Natural Resource Wealth (Record no. 8947)

MARC details
000 -LEADER
fixed length control field 00572nam a22001937a 4500
003 - CONTROL NUMBER IDENTIFIER
control field OSt
005 - DATE AND TIME OF LATEST TRANSACTION
control field 20240626154722.0
008 - FIXED-LENGTH DATA ELEMENTS--GENERAL INFORMATION
fixed length control field 240626b |||||||| |||| 00| 0 eng d
020 ## - INTERNATIONAL STANDARD BOOK NUMBER
International Standard Book Number 9781853838729
040 ## - CATALOGING SOURCE
Transcribing agency MUST
082 ## - DEWEY DECIMAL CLASSIFICATION NUMBER
Classification number 333.7 FEE 2001
100 ## - MAIN ENTRY--PERSONAL NAME
Personal name Reed,David
9 (RLIN) 18112
245 ## - TITLE STATEMENT
Title Economic Change,Governance and Natural Resource Wealth
Remainder of title The P olitical Economy of Change in Southern Africa
Statement of responsibility, etc. David Reed
260 ## - PUBLICATION, DISTRIBUTION, ETC. (IMPRINT)
Place of publication, distribution, etc. London
Name of publisher, distributor, etc. Earthscan
Date of publication, distribution, etc. 2001
300 ## - PHYSICAL DESCRIPTION
Extent xii
Other physical details ill.
Dimensions 22cm
504 ## - BIBLIOGRAPHY, ETC. NOTE
Bibliography, etc indexes included
650 ## - SUBJECT ADDED ENTRY--TOPICAL TERM
Source of heading or term Natural Resources
942 ## - ADDED ENTRY ELEMENTS (KOHA)
Source of classification or shelving scheme Dewey Decimal Classification
Koha item type Open Shelf
Holdings
Withdrawn status Lost status Source of classification or shelving scheme Damaged status Not for loan Home library Current library Date acquired Source of acquisition Inventory number Total Checkouts Full call number Barcode Date last seen Price effective from Koha item type
    Dewey Decimal Classification     MUST Main Library MUST Main Library 26/06/2024 Donation 03/18119   333.7 FEE 2001 2024-21464 26/06/2024 26/06/2024 Open Shelf